| 000 | 00633 a2200217 4500 | ||
|---|---|---|---|
| 001 | 200130925 | ||
| 999 |
_c200130925 _d30235 |
||
| 003 | TR-AnTOB | ||
| 005 | 20190507020037.0 | ||
| 008 | 131129b tu 000 0 | ||
| 040 | _aTR-AnTOB | ||
| 041 | _atur | ||
| 050 |
_aDS51.K57 _bD95 2009 |
||
| 090 | _aDS51 .K57.D95 2008 | ||
| 245 | 1 | 0 | _aDünden bugüne Kırıkkale fotoğraf albümü / |
| 264 | 1 |
_aKırıkkale : _bKırıkkale Belediyesi Kültür ve Eğitim Yayınları, _c2008. |
|
| 300 |
_a144 p. _c18 cm |
||
| 651 |
_aKırıkkale İli (Turkey) _xHistory _9123849 |
||
| 651 |
_aKırıkkale İli (Türkiye) _xTarih _9123850 |
||
| 942 | _cBK | ||